| 000 | 00531nam a2200169 i 4500 | ||
|---|---|---|---|
| 001 | 35993 | ||
| 003 | ES-MaACL | ||
| 005 | 20230906155252.0 | ||
| 007 | t| | ||
| 008 | 030214s1963 sp ||||1| spa d | ||
| 100 | 1 |
_aBroglie, Louis de. _9149861 |
|
| 245 | 1 | 0 |
_aPor los senderos de la ciencia / _cLouis de Broglie ; traducción del francés por Guillermo Sans Huelin. |
| 260 |
_aMadrid : _bEspasa-Calpe, _c1963. |
||
| 300 |
_a342 p. ; _c21 cm. |
||
| 700 | 1 |
_aSans Huelin, Guillermo. _9103207 |
|
| 852 |
_aES-MaACL _jC-22915 _bR.51663 |
||
| 999 |
_c35993 _d35993 |
||